01041 2200325 4500001002100000005001500021035002000036007000300056008004100059020002200100082001400122084001600136100002700152245011800179300004800297650002500345504003200370264003200402336002100434337003000455338002300485040002200508090002200530850001200552999002200564700003600586700003700622250003400659990002200693INLIS00000000088859820240710113513 a0010-0724000497ta240328s2023 yoia g ind d a978-623-02-7321-604223a615.4 a615.4 RAH m0 aRahmatullahePengarang10aManajemen farmasi rumah sakit untuk mahasiswa farmasi /cRahmatullah, Yulian Wahyu Permadi, Wulan Agustin Ningrum aviii, 59 halaman :bgamabar, bagan ;c23 cm 4aFarmasi--xManajemen aBibliografi : halaman 56-5931aSleman :bDeepublish,c2023 2rdacontentateks 2rdamediaatanpa perantara 2rdacarrieravolume aYOPDYOGbinderda aCB-D.11 2023-5685 aYOPDYOG aCB-D.11/2023-5685 aYulian Wahyu PermadiePengarang aWulan Agustin NingrumePengarang aCetakan pertama, Oktober 2023 aCB-D.11/2023-5685